000 00451nam a22001817a 4500
003 MPLRDC
005 20220104192943.0
008 210129b ||||| |||| 00| 0 eng d
020 _a978-967-10103-1-0
082 _a868.71 LJC-3
100 _a林金城
245 _a知食分子 1
_c
250 _a初版
260 _a马来西亚
_b木言社 WOOD TALK PUBLISHER
_c2011
300 _b
650 _a马华文学
942 _cBK
_o868.71 LJC-3
999 _c64956
_d64946